| 000 | 01121nam a2200193 4500 | ||
|---|---|---|---|
| 001 | 8647 | ||
| 005 | 20181127190436.0 | ||
| 020 | 0 | 0 | _a9780980476415 |
| 090 | 0 | 0 | _a612 |
| 100 | 0 | 0 | _aTherapeutic Guidelines Limited. Cardiovascular Expert Group. |
| 245 | 0 | 0 |
_aTherapeutic guidelines : _bcardiovascular / _cTherapeutic Guidelines Limited ; Cardiovascular Expert Group. _h |
| 260 | 0 | 0 |
_aNorth Melbourne, Vic _bTherapeutic Guidelines, _c2008. |
| 300 | 0 | 0 | _axxii, 241 pages ; 18 cm |
| 500 | 0 | 0 | _aIncludes index. |
| 505 |
_aCONTENTS : Getting to know your drugs -- Cardiovascular disease risk reduction -- Assessment and treatment of smoking -- Dyslipidaemia -- Hypertension -- Coronary ischaemic syndromes -- Heart failure -- Arrhythmias -- Venous thromboembolism -- Peripheral arterial disease -- Noncardiac surgery in patients with cardiovascular disease -- Syncope -- Hypertension and other cardiovascular disease in pregnancy -- Pulmonary hyptertension -- Appendices. _g _r _t |
||
| 650 | 0 | 0 | _aCardiovascular agents -- Handbooks, manuals, etc. |
| 650 | 0 | 0 |
_aCardiovascular agents. _x |
| 999 |
_c7494 _d7494 |
||